Hatchery culture of bivalves : (Record no. 15982)
[ view plain ]
| 000 -LEADER | |
|---|---|
| fixed length control field | 00643nam a2200205Ia 4500 |
| 020 ## - INTERNATIONAL STANDARD BOOK NUMBER | |
| ISBN | 9251052247 |
| 040 ## - CATALOGING SOURCE | |
| Transcribing agency | OSU |
| 082 ## - DEWEY DECIMAL CLASSIFICATION NUMBER | |
| Classification number | 338 FOO 2004 A078 Or. |
| 100 1# - MAIN ENTRY--AUTHOR NAME | |
| Personal name | Helm, Michael M |
| 245 10 - TITLE STATEMENT | |
| Title | Hatchery culture of bivalves : |
| Remainder of title | a practical manual / |
| 260 ## - PUBLICATION, DISTRIBUTION, ETC. (IMPRINT) | |
| Place of publication | Rome : |
| Name of publisher | Food and Agriculture Organization of the United Nations, |
| Year of publication | c2004 |
| 300 ## - PHYSICAL DESCRIPTION | |
| Number of Pages | xxi, 177 p. : |
| Other physical details | col. ill. ; |
| Dimensions | 30 cm |
| 490 1# - SERIES STATEMENT | |
| Series statement | FAO fisheries technical paper, |
| 650 #0 - SUBJECT ADDED ENTRY--TOPICAL TERM | |
| Topical Term | Shellfish fisheries |
| 650 #0 - SUBJECT ADDED ENTRY--TOPICAL TERM | |
| Topical Term | Bivalves |
| 700 1# - ADDED ENTRY--PERSONAL NAME | |
| Personal name | Bourne, N. |
| 700 1# - ADDED ENTRY--PERSONAL NAME | |
| Personal name | Lovatelli, Alessandro |
| 710 2# - ADDED ENTRY--CORPORATE NAME | |
| Corporate name or jurisdiction name as entry element | Food and Agriculture Organization of the United Nations |
| 942 ## - ADDED ENTRY ELEMENTS (KOHA) | |
| Koha item type | សៀវភៅភាសាអង់គ្លេស |
No items available.